Production systems engineering : (Record no. 16358)
[ view plain ]
| 000 -LEADER | |
|---|---|
| fixed length control field | 00960cam a2200229 a 4500 |
| 001 - CONTROL NUMBER | |
| control field | 16044922 |
| 005 - DATE AND TIME OF LATEST TRANSACTION | |
| control field | 20100729142901.0 |
| 008 - FIXED-LENGTH DATA ELEMENTS--GENERAL INFORMATION | |
| fixed length control field | 100107s2010 nyua b 001 0 eng |
| 020 ## - INTERNATIONAL STANDARD BOOK NUMBER | |
| International Standard Book Number | 9780071701884 |
| 020 ## - INTERNATIONAL STANDARD BOOK NUMBER | |
| International Standard Book Number | 0071701885 |
| 040 ## - CATALOGING SOURCE | |
| Original cataloging agency | DLC |
| Transcribing agency | DLC |
| Modifying agency | YDX |
| -- | UKM |
| -- | BTCTA |
| -- | CDX |
| -- | YDXCP |
| -- | BWX |
| -- | DLC |
| 082 00 - DEWEY DECIMAL CLASSIFICATION NUMBER | |
| Classification number | 658.5 |
| Edition number | 22 |
| Item number | GUS |
| 100 1# - MAIN ENTRY--PERSONAL NAME | |
| Personal name | Gustavson, Richard E. |
| 9 (RLIN) | 28479 |
| 245 10 - TITLE STATEMENT | |
| Title | Production systems engineering : |
| Remainder of title | cost and performance optimization / |
| Statement of responsibility, etc | Richard E. Gustavson. |
| 260 ## - PUBLICATION, DISTRIBUTION, ETC. (IMPRINT) | |
| Place of publication, distribution, etc | New York : |
| Name of publisher, distributor, etc | McGraw-Hill, |
| Date of publication, distribution, etc | c2010. |
| 300 ## - PHYSICAL DESCRIPTION | |
| Extent | xix, 233 p. : |
| Other physical details | ill. ; |
| Dimensions | 24 cm. |
| 504 ## - BIBLIOGRAPHY, ETC. NOTE | |
| Bibliography, etc | Includes bibliographical references (p. [221]-222) and index. |
| 650 #0 - SUBJECT ADDED ENTRY--TOPICAL TERM | |
| Topical term or geographic name as entry element | Production engineering. |
| 9 (RLIN) | 28480 |
| 942 ## - ADDED ENTRY ELEMENTS (KOHA) | |
| Source of classification or shelving scheme | Dewey Decimal Classification |
| Item type | Book - Borrowing |
| Withdrawn status | Item status | Source of classification or shelving scheme | Damaged status | Not for loan | Vendor | Home library | Current library | Shelving location | Date acquired | Source of acquisition | Cost, normal purchase price | Serial Enumeration / chronology | Total Checkouts | Full call number | Barcode | Date last seen | Koha item type |
|---|---|---|---|---|---|---|---|---|---|---|---|---|---|---|---|---|---|
| Dewey Decimal Classification | Baccah | Central Library | Central Library | First floor | 31/01/2012 | 935.00 | 13957 | 658.5 GUS | 000025947 | 15/07/2025 | Book - Borrowing |